00725nam a2200205 a 450000100100000000500170001000800410002704000250006808200170009310000330011024500710014326000390021430000280025365000260028165000300030770000350033704900090037295201210038199900170050200002325820200930022107.0101201s1970 mx a 000 0 spa d aDO-SdBNPbspacBNPHU a892.73bJ26p1 aJalil Gibran, Gibran.94789113aEl profeta /cGIbran Jalil Gibran ; traducción Leonardo S. Kaim. aMéxico, D. F. :bOrión,c1970. a201 p. :bil. ;c19 cm. 4aNovela árabe931805 4aLiteratura árabe9142131 aKaim, Leonardo S.,etr.931806 aBNGR 001054708MOaGRbGRcCTd2010-12-01iLF1l0o892.73 J26pp23258-10r2020-06-25w2020-06-25y4ZPréstamo en sala c22755d22755